Yleistieto #48 - Statistics

Yleistilastot
  • Tätä visaa on pelattu 491 kertaa
  • Keskiarvotulos 7 / 15
Vastaustilastot
Vinkki Vastaus % Oikein
Missä Suomen kaupungissa on 'Iso Omena'-niminen ostoskeskus? Espoossa
92%
Minkä kaupungin lempinimi on 'Iso Omena'? New Yorkin
88%
Kuka oli Hanoi Rocksin laulaja? Michael Monroe
74%
Minkä bändin kappale on "Baarikärpänen"? Eppu Normaalin
61%
Mistä kaupungista tulee jääkiekkojoukkue Jukurit? Mikkelistä
60%
Mikä on Nevadan suurin kaupunki? Las Vegas
59%
Kenen hitti on "Juokse sinä humma"? Tapio Rautavaaran
51%
Kuka on säveltänyt Maamme-laulun? Fredrik Pacius
47%
Kuka näyttelee Hannibal Lecteriä? Anthony Hopkins
39%
Minkä maan puolueita on Likud? Israelin
24%
Mitä tai mikä 'retina' on suomeksi? Silmän verkkokalvo
18%
Kuka ohjasi elokuvan " JFK"? Oliver Stone
12%
Mikä oli Itävallan rahayksikkö ennen euroa? Šhillinki
11%
Kuka lauloi kappaleen "Joe le Taxi "? Vanessa Paradis
10%
Mikä on Etelä-Amerikan suurin aavikko? Patagonian aavikko
7%
Ehtoja vastaavia visoja ei löytynyt
Tulosjakauma
Jokaisen tuloksen saaneiden osuus
Persentiili vastausten määrän mukaan
Tuloshistoriasi
Et ole pelannut tätä visaa